00622nam a2200217Ia 450000500170000000800410001702000160005804000190007404100120009308200160010510000150012124500300013626000240016630000120019065000190020265100360022185000100025794200070026799900160027495201140029020221130144544.0131103s9999 xx 000 0 und d a057105706 3 aLoreto College aEnglish a821.91bELI aEliot,T.S. aSelected poemscT.S.Eliot aLondonbFaberc1986 a171 p.  aEnglish Poerty aEliot,T.S. - Poems - Collection aLCLIB cBK c3609d54088 00102ddc4070aMAINbMAINd2013-11-04l4o821.91 ELI 34258pB3475r2018-09-24s2018-09-24w2013-11-04yBKf